Engineering mechanics. Statics and dynamics (Record no. 64724)

000 -LEADER
fixed length control field 00539nam a22002057a 4500
003 - CONTROL NUMBER IDENTIFIER
control field NUST - PNEC
005 - DATE AND TIME OF LATEST TRANSACTION
control field 20170116180853.0
008 - FIXED-LENGTH DATA ELEMENTS--GENERAL INFORMATION
fixed length control field 150827b xxu||||| |||| 00| 0 eng d
020 ## - INTERNATIONAL STANDARD BOOK NUMBER
International Standard Book Number 8120311272
020 ## - INTERNATIONAL STANDARD BOOK NUMBER
International Standard Book Number 0133569241
020 ## - INTERNATIONAL STANDARD BOOK NUMBER
International Standard Book Number 8177581236
040 ## - CATALOGING SOURCE
Transcribing agency LIBRARY
082 ## - DEWEY DECIMAL CLASSIFICATION NUMBER
Classification number 620.1 SHA
100 ## - MAIN ENTRY--PERSONAL NAME
9 (RLIN) 5862
Personal name Shames Irving Herman
245 ## - TITLE STATEMENT
Title Engineering mechanics. Statics and dynamics
Statement of responsibility, etc. Irving Herman Shames
250 ## - EDITION STATEMENT
Edition statement 4th ed.
260 ## - PUBLICATION, DISTRIBUTION, ETC.
Date of publication, distribution, etc. c.1996
650 ## - SUBJECT ADDED ENTRY--TOPICAL TERM
9 (RLIN) 5861
Topical term or geographic name entry element Engineering Mechanics
General subdivision ME, IME
942 ## - ADDED ENTRY ELEMENTS (KOHA)
Source of classification or shelving scheme
Koha item type Book
Holdings
Withdrawn status Lost status Source of classification or shelving scheme Damaged status Not for loan Permanent Location Current Location Shelving location Date acquired Total Checkouts Full call number Barcode Date last seen Price effective from Koha item type Date last checked out
          Pakistan Navy Engineering College (PNEC) Pakistan Navy Engineering College (PNEC)       620.1 SHA PNECLIB-028366 08/27/2015   Book  
          Pakistan Navy Engineering College (PNEC) Pakistan Navy Engineering College (PNEC)     1 620.1 SHA PNECLIB-022772 08/12/2016   Book 08/04/2016
          Pakistan Navy Engineering College (PNEC) Pakistan Navy Engineering College (PNEC)       620.1 SHA PNECLIB-028231 11/11/2015   Book  
© 2023 Central Library, National University of Sciences and Technology. All Rights Reserved.